000 00750nam a2200253Ia 4500
003 OSt
005 20221005072348.0
006 a|||||r|||| 00| 0
007 ta
008 221004b |||||||| |||| 00| 0 eng d
020 _a8124603677 (hbk)
_c590
024 _a96123
037 _b871, 16/03/2009, Bookwell Publications
_cTextual
040 _aCRL
_cCRL
_beng
041 _2eng
_aeng
082 _aQ25x1,1, M8
100 _aNataraja Guru Tr.
245 0 _aSaundarya Lahiri of Sankaracarya
260 _aNew Delhi
_bD.K.Printworld India
_c1988
300 _axxv,573p.
_ccm.
650 _aRELIGION
942 _hQ25x1,1, M8
_cTEXL
_2cc
999 _c979315
_d979315